| 000 | 00532nam a2200169Ia 4500 | ||
|---|---|---|---|
| 008 | 090711s9999 xx 000 0 und d | ||
| 082 | _b50434 | ||
| 100 | _aठाकरे केशव सी. | ||
| 245 | _aप्रस्थान | ||
| 260 |
_b"तत्वविवेचक छापखाना," _c1938 |
||
| 300 | _a68 | ||
| 600 | _aठाकरे केशव सी. | ||
| 630 | _aप्रस्थान | ||
| 700 | _aठाकरे केशव सी. | ||
| 730 | _aप्रस्थान | ||
| 942 | _cBOOK | ||
| 999 |
_c331463 _d331463 |
||